000 00968cam a22002411 4500
001 hew58000009
003 DLC
005 20260227111509.0
008 750429s1958 xx 000 0 eng
010 _ahew58000009
035 _a(OCoLC)1304114
040 _aDLC
_cNSyU
_dOCoLC
_dDLC
050 0 0 _aL111
_b.A6 1958, no. 11
082 _a016.301435
100 1 _aWard, Betty Arnett,
_d1917-
245 1 0 _aEducation on the aging;
_ba selected annotated bibliography.
260 _a[Washington]
_bU.S. Dept. of Health, Education, and Welfare, Office of Education
_c[1958]
300 _aix, 145 p.
_c24 cm.
410 1 0 _aUnited States.
_bOffice of Education.
_tBulletin,
_f1958,
_vno. 11
501 _aCopies 1 and 2 with: Organizing districts for better schools / Charles Ocelus Fitzwater. Washington : Govt. Print. Off., 1958. Bound together subsequent to publication.
_5DLC
650 0 _aOlder people
_vBibliography.
650 0 _aOlder people
_xEducation
_vBibliography.
999 _c34176
_d34176